000 01012nam a2200289Ia 4500
001 Para_10135
003 CHAP
008 220125sNovi xx 000 0 und d
010 _a208827
040 _cCHAP
090 _aPA CD - TESIS 212
100 _aMarín García, Alejandra
_971490
245 _aZacate Jhonson (Sorghum halepense (L) Pers) resistente a nicosulfuron /
_c Alejandra Marín García; Director Andrés Bolaños Espinoza
260 _aChapingo, Méx. :
_b el autor
300 _a1 CDS ROM (49 p.)
502 _aTesis (Ing. Agr. Esp. en Parasitología Agrícola). UACh. Departamento Parasitología Agrícola
520 _a(M.C. en Protección Vegetal) UACh
700 _aBolaños espinoza, Andrés. Director
_9175149
710 _aUACh. Departamento Parasitología Agrícola
_9164025
901 _aPA CD - TESIS 212
902 _aM
905 _a513220Noviembre, 2012 anm 8100000000 06
910 _aNovi
942 _cPARA
942 _cPARA
_d2
999 _c208827
_d208827